Business grammar builder / (Record no. 1442)
[ view plain ]
| 000 -LEADER | |
|---|---|
| fixed length control field | 01206cam a22003615a 4500 |
| 003 - CONTROL NUMBER IDENTIFIER | |
| control field | EG-ScBUE |
| 005 - DATE AND TIME OF LATEST TRANSACTION | |
| control field | 20220607121055.0 |
| 006 - FIXED-LENGTH DATA ELEMENTS--ADDITIONAL MATERIAL CHARACTERISTICS--GENERAL INFORMATION | |
| fixed length control field | m||||fq||h 00| 0 |
| 008 - FIXED-LENGTH DATA ELEMENTS--GENERAL INFORMATION | |
| fixed length control field | 150824s2002 enka f 001 0 eng d |
| 020 ## - INTERNATIONAL STANDARD BOOK NUMBER | |
| International Standard Book Number | 0333754921 |
| 020 ## - INTERNATIONAL STANDARD BOOK NUMBER | |
| International Standard Book Number | 9780333754924 |
| 040 ## - CATALOGING SOURCE | |
| Original cataloging agency | EG-ScBUE |
| Language of cataloging | eng |
| Description conventions | rda |
| Transcribing agency | EG-ScBUE |
| Modifying agency | EG-ScBUE |
| 082 04 - DEWEY DECIMAL CLASSIFICATION NUMBER | |
| Classification number | 428.24 |
| Item number | EMM |
| Edition number | 22 |
| 100 1# - MAIN ENTRY--PERSONAL NAME | |
| Personal name | Emmerson, Paul, |
| Dates associated with a name | 1954- |
| Relator term | author. |
| 245 10 - TITLE STATEMENT | |
| Title | Business grammar builder / |
| Statement of responsibility, etc | Paul Emmerson. |
| 246 34 - VARYING FORM OF TITLE | |
| Title proper/short title | Business grammar builder : |
| Remainder of title | for class and self study |
| 264 #1 - PUBLICATION, DISTRIBUTION, ETC. (IMPRINT) | |
| Place of publication, distribution, etc | Oxford : |
| Name of publisher, distributor, etc | Macmillan Education, |
| Date of publication, distribution, etc | 2002. |
| 300 ## - PHYSICAL DESCRIPTION | |
| Extent | 272 pages : |
| Other physical details | color illustrations ; |
| Dimensions | 28 cm + |
| Accompanying material | 1 CD |
| 336 ## - CONTENT TYPE | |
| Source | rdacontent |
| Content type term | text |
| Content type code | txt |
| 336 ## - CONTENT TYPE | |
| Source | rdacontentaudio |
| Content type term | sounds |
| Content type code | snd |
| 337 ## - MEDIA TYPE | |
| Source | rdamedia |
| Media type term | unmediated |
| Media type code | n |
| 337 ## - MEDIA TYPE | |
| Source | rdamedia |
| Media type term | audio |
| Media type code | s |
| 338 ## - CARRIER TYPE | |
| Source | rdacarrier |
| Carrier type term | volume |
| Carrier type code | nc |
| 338 ## - CARRIER TYPE | |
| Source | rdacarrier |
| Carrier type term | computer disc |
| Carrier type code | cd |
| 500 ## - GENERAL NOTE | |
| General note | Includes index.<br/> |
| 500 ## - GENERAL NOTE | |
| General note | Includes appendix. |
| 650 #7 - SUBJECT ADDED ENTRY--TOPICAL TERM | |
| Topical term or geographic name as entry element | English language |
| Form subdivision | Business English. |
| Source of heading or term | BUEsh |
| 650 #7 - SUBJECT ADDED ENTRY--TOPICAL TERM | |
| Topical term or geographic name as entry element | English language |
| General subdivision | Grammar |
| Form subdivision | Problems, exercises, etc. |
| Source of heading or term | BUEsh |
| 651 ## - SUBJECT ADDED ENTRY--GEOGRAPHIC NAME | |
| Source of heading or term | BUEsh |
| 653 ## - INDEX TERM--UNCONTROLLED | |
| Resource For college | Humanities: English |
| Arrived date list | August2015 |
| -- | October2018 |
| 655 ## - INDEX TERM--GENRE/FORM | |
| Form subdivision | Reading book |
| 9 (RLIN) | 34232 |
| 942 ## - ADDED ENTRY ELEMENTS (KOHA) | |
| Source of classification or shelving scheme | Dewey Decimal Classification |
| Koha item type | Book - Borrowing |
| Withdrawn status | Lost status | Source of classification or shelving scheme | Damaged status | Not for loan | Home library | Current library | Shelving location | Date acquired | Source of acquisition | Total Checkouts | Full call number | Barcode | Date last seen | Koha item type | Collection code | Total Renewals | Date checked out | Price effective from |
|---|---|---|---|---|---|---|---|---|---|---|---|---|---|---|---|---|---|---|
| Dewey Decimal Classification | Central Library | Central Library | Second Floor | 06/09/2011 | Purchase | 428.24 EMM | 000002991 | 15/07/2025 | NB - Book (Non borrowing) | |||||||||
| Dewey Decimal Classification | Central Library | Central Library | Second Floor | 06/09/2011 | 3 | 428.24 EMM | 000002990 | 15/07/2025 | Book - Borrowing | 1 | 08/10/2017 | |||||||
| Dewey Decimal Classification | Central Library | Central Library | Second Floor | 06/09/2011 | 3 | 428.24 EMM | 000002989 | 15/07/2025 | Book - Borrowing | 22 | 08/10/2024 | |||||||
| Dewey Decimal Classification | Central Library | Central Library | Second Floor | 06/09/2011 | 2 | 428.24 EMM | 000002988 | 15/07/2025 | Book - Borrowing | |||||||||
| Dewey Decimal Classification | Central Library | Central Library | Second Floor | 06/09/2011 | Purchase | 5 | 428.24 EMM | 000002987 | 15/07/2025 | Book - Borrowing | 24 | 29/05/2016 | ||||||
| Dewey Decimal Classification | Central Library | Central Library | Second Floor | 11/09/2006 | 1 | 428.24 EMM | 000008324 | 15/07/2025 | Book - Borrowing | |||||||||
| Dewey Decimal Classification | Central Library | Central Library | Second Floor | 22/04/2012 | 428.24 EMM | 000026648 | 24/08/2022 | CD | DVD - With book (NB) | ||||||||||
| Dewey Decimal Classification | Central Library | Central Library | Second Floor | 22/04/2012 | 428.24 EMM | 000026662 | 24/08/2022 | CD | DVD - With book | 22/04/2012 | |||||||||
| Dewey Decimal Classification | Central Library | Central Library | Second Floor | 22/04/2012 | 428.24 EMM | 000026649 | 24/08/2022 | CD | DVD - With book | 22/04/2012 | |||||||||
| Dewey Decimal Classification | Central Library | Central Library | Second Floor | 22/04/2012 | 428.24 EMM | 000026661 | 24/08/2022 | CD | DVD - With book | 22/04/2012 | |||||||||
| Dewey Decimal Classification | Central Library | Central Library | Second Floor | 22/04/2012 | 428.24 EMM | 000026650 | 24/08/2022 | CD | DVD - With book | 22/04/2012 |